000 00948nam a2200253 a 4500
001 BRCA_2029
005 20190320203637.0
008 310708s1987----fr-#---###---#000-0#fra-#
020 _a2034513231
050 4 _aPC4645.F7
_b.G37 1987
100 1 _aGarcía-Pelayo y Gross, Ramón
_96199
245 1 0 _aDictionnaire Francais-Espagnol, Español-Francés
_cpar Ramón García-Pelayo y Gross et Jean Testas; avec la collaboration de Micheline Durand, Fernando García-Pelayo y Gross, Jean-Paul Vidal.
260 _aParís
_bLarousse
_c1987
300 _a1 v. (en varias paginaciones)
_c24 cm.
440 0 _aCollection Saturne
_96200
546 _aTexto en : francés y español
650 1 4 _aFrancés
_vDiccionarios
_xEspañol
_96201
650 1 4 _aEspañol
_vDiccionarios
_xFrancés
_96202
700 1 _aTestas, Jean
_96203
700 1 _aDurand, Micheline
_96204
700 1 _aGarcía-Pelayo y Gross, Fernando
_96205
902 _aREF
942 _2lcc
_cB
999 _c1795
_d1795